000 00339nam a2200133 i 4500
001 bg
100 1 _aANCTOLEVIC SREJDER, Julij
245 0 _aRówność, podobieństwo, porządek /
_cJulij Anctolevic Srejder.
260 _aWarszawa,
_c1975.
040 _cBPK
041 _apol
942 _cKS
008 s pl f |000 0 pol
999 _c16357
_d16357
856 _uhttp://koha.tu.koszalin.pl/cgi-bin/koha/opac-detail.pl?biblionumber=16357
_yKatalog online BPK